LEADER 01213nam a2200301 i 4500 001 000000162654 003 CaOOAMICUS 005 20070703000000.0 008 070703s2006 it u000 u ita u 013 $a140018 020 $a88-15-11018-6 040 $aSeMil$bita 100 1 $aGalli, Ida.$0(OLS)http://semarc/name/61676 245 13$aLa teoria delle rappresentazioni sociali /$cIda Galli. 260 $aBologna :$bIl Mulino,$cCopyr. 2006. 300 $a122 p. ;$c22 cm. 490 0 $aItinerari 500 $aContiene : Riferimenti bibliografici. 650 4$aPsicologia sociale.$0(OLS)http://semarc/subject/627 650 4$aPsicologia e sociologia.$0(OLS)http://semarc/subject/30941 650 4$aRappresentazioni sociali.$0(OLS)http://semarc/subject/30942 830 0$aItinerari.$0(OLS)http://semarc/title/10409 850 $aSeMil 852 $aSeMil$W1$xVenegono$y1$m2O II 420$j113985$B113985$CSeMilBibl$Z2$F125029 $81 961 $aOmaggio: Bressan don Luca 996 $6020$a88-15-11018-6$9(OLS)http://semarc/number/148636 996 $6245$aLa teoria delle rappresentazioni sociali$9(OLS)http://semarc/title/232021 996 $6260$aBologna :$bIl Mulino$9(OLS)http://semarc/publisher/29842 LEADER 01227nam a2200229 4500 001 000000358732 003 CaOOAMICUS 005 20240701124828.0 008 240701s1901 it 000 u ita r 040 $aSeMil$bita 245 02$aI Trentini immigrati nel Regno d'Italia nella seconda metà del secolo 19. /$cpubblicazione fatta per cura del Circolo trentino di beneficenza. 264 1$aMilano :$bcoi tipi dello stabilimento tipografico ditta G. Agnelli nell'Orfanotrofio maschile,$c1901. 300 $aVIII, 48 p. ;$c25 cm 500 $aContiene : Statuto del Circolo, Scheda per diventare socio 650 4$aImmigrati - Italia.$0(OLS)http://semarc/subject/25102 700 1 $aCircolo trentino di beneficenza.$0(OLS)http://semarc/name/119871 850 $aSeMil 852 $aSeMil$W1$xVenegono$y1$m5C VI 3/17$j249214$B249805$CSeMilBibl$Z2$F249805 $81 961 $aTimbro del Circolo trentino di beneficenza 996 $6245$aI Trentini immigrati nel Regno d'Italia nella seconda metà del secolo 19.$9(OLS)http://semarc/title/449134 996 $6264$aMilano :$bcoi tipi dello stabilimento tipografico ditta G. Agnelli nell'Orfanotrofio maschile$9(OLS)http://semarc/publisher/61805